00199nam a2200085Ia 4500008004100000100001900041245002100060260002300081260000900104170620s9999 xx 000 0 und d aNagarjan R. K. 0aLaw of Insurance ballahabad Law Pub. c2006